[Event "SVK-chT 1819"]
[Site "Slovakia"]
[Date "2019.03.10"]
[Round "8.1"]
[White "Matejov, Jaroslav"]
[Black "Viczencz, Peter"]
[Result "0-1"]
[WhiteElo "2012"]
[BlackElo "2003"]
[PlyCount "72"]
[EventDate "2018.11.10"]
[EventType "team-tourn"]
[EventRounds "11"]
[EventCountry "SVK"]
[SourceTitle "CBM 189 Extra"]
[Source "ChessBase"]
[SourceDate "2019.06.03"]
[SourceVersion "1"]
[SourceVersionDate "2019.06.03"]
[SourceQuality "1"]
[WhiteTeam "Zilina Mladost"]
[BlackTeam "Komarno"]
[WhiteTeamCountry "SVK"]
[BlackTeamCountry "SVK"]

1. e4 e6 2. d4 c5 3. Nf3 cxd4 4. Nxd4 a6 5. c4 Nf6 6. Bd3 Be7 7. 0-0 Qc7 8. Nc3 0-0 9. Be3 d6 10. Rc1 Nbd7 11. f4 b6 12. Qe2 Bb7 13. Bb1 Rac8 14. b3 Nc5 15. Bd2 Rfd8 16. Rf3 d5 17. cxd5 exd5 18. e5 Nfe4 19. Rh3 g6 20. Nxe4 dxe4 21. Be3 Qb8 22. Nf5 gxf5 23. Qh5 Kf8 24. Qxh7 Ke8 25. Qxf5 Ne6 26. Re1 Qc7 27. Rh8+ Nf8 28. h4 Qc3 29. Kf1 a5 30. Bxe4 Ba6+ 31. Kf2 Rd2+ 32. Kf3 Rxa2 33. Rc1 Be2+ 34. Kg3 Qxe3+ 35. Bf3 Rxc1 36. e6 Qxe6 0-1

[Event "SVK-chT 1819"]
[Site "Slovakia"]
[Date "2019.03.09"]
[Round "7.2"]
[White "Viczencz, Peter"]
[Black "Tropp, Oliver"]
[Result "1/2-1/2"]
[WhiteElo "2003"]
[BlackElo "2209"]
[PlyCount "90"]
[EventDate "2018.11.10"]
[EventType "team-tourn"]
[EventRounds "11"]
[EventCountry "SVK"]
[SourceTitle "CBM 189 Extra"]
[Source "ChessBase"]
[SourceDate "2019.06.03"]
[SourceVersion "1"]
[SourceVersionDate "2019.06.03"]
[SourceQuality "1"]
[WhiteTeam "Komarno"]
[BlackTeam "Liptov Chess School"]
[WhiteTeamCountry "SVK"]
[BlackTeamCountry "SVK"]

1. e4 e6 2. Qe2 c5 3. Nf3 Nc6 4. g3 b6 5. Bg2 Bb7 6. c3 d5 7. exd5 Qxd5 8. 0-0 Nge7 9. Na3 0-0-0 10. Rd1 g5 11. d4 g4 12. Ne5 Nxd4 13. Bxd5 Nxe2+ 14. Kf1 Rxd5 15. Rxd5 Nxg3+ 16. hxg3 Nxd5 17. Nxf7 Rg8 18. c4 Ba6 19. Kg1 Nb4 20. Be3 Be7 21. Rd1 Nxa2 22. Bf4 Nb4 23. Re1 Kd7 24. Ne5+ Ke8 25. Nb5 Bxb5 26. cxb5 Nc2 27. Re4 Nd4 28. Nc6 Nxb5 29. Rxe6 Kd7 30. Rh6 Bd6 31. Nxa7 Bxf4 32. Rxh7+ Ke6 33. Nxb5 Bc1 34. b3 Rg6 35. Kg2 Bb2 36. Rb7 Kd5 37. Rb8 Kc6 38. Na7+ Kc7 39. Re8 Kb7 40. Nb5 Kc6 41. Na7+ Kb7 42. Nb5 Ka6 43. Nc7+ Ka5 44. Re4 Bd4 45. Ne6 Kb4 1/2-1/2

[Event "SVK-chT2B 1819"]
[Site "Slovakia"]
[Date "2019.03.02"]
[Round "8.7"]
[White "Moravcik, Rastislav"]
[Black "Viczencz, Peter"]
[Result "0-1"]
[WhiteElo "1995"]
[BlackElo "2029"]
[PlyCount "64"]
[EventDate "2018.10.13"]
[EventType "team-tourn"]
[EventRounds "11"]
[EventCountry "SVK"]
[SourceTitle "CBM 189 Extra"]
[Source "ChessBase"]
[SourceDate "2019.06.03"]
[SourceVersion "1"]
[SourceVersionDate "2019.06.03"]
[SourceQuality "1"]
[WhiteTeam "Topolcany"]
[BlackTeam "Komarno II"]
[WhiteTeamCountry "SVK"]
[BlackTeamCountry "SVK"]

1. d4 c5 2. e3 Nf6 3. c3 e6 4. f4 b6 5. Nf3 Bb7 6. Bd3 Be7 7. 0-0 0-0 8. Qe2 d5 9. Nbd2 Ne4 10. g4 Nd7 11. Qg2 Qe8 12. Ne5 Nxe5 13. fxe5 f5 14. gxf5 Rxf5 15. Nxe4 dxe4 16. Rxf5 exf5 17. Bc4+ Kh8 18. Bd2 b5 19. Be2 a6 20. Qg3 Qf7 21. b3 Rc8 22. c4 f4 23. Qxf4 Qxf4 24. exf4 cxd4 25. Bg4 Rf8 26. f5 e3 27. Be1 d3 28. Bc3 bxc4 29. Bd4 e2 30. bxc4 Be4 31. Kf2 Bxf5 32. Bxe2 Bg4+ 0-1

[Event "SVK-chT2B 1819"]
[Site "Slovakia"]
[Date "2019.02.03"]
[Round "7.8"]
[White "Rybar, Peter"]
[Black "Viczencz, Peter"]
[Result "0-1"]
[WhiteElo "1655"]
[BlackElo "2029"]
[PlyCount "108"]
[EventDate "2018.10.13"]
[EventType "team-tourn"]
[EventRounds "11"]
[EventCountry "SVK"]
[SourceTitle "CBM 189 Extra"]
[Source "ChessBase"]
[SourceDate "2019.06.03"]
[SourceVersion "1"]
[SourceVersionDate "2019.06.03"]
[SourceQuality "1"]
[WhiteTeam "Surany"]
[BlackTeam "Komarno II"]
[WhiteTeamCountry "SVK"]
[BlackTeamCountry "SVK"]

1. d4 c5 2. Nf3 e6 3. c4 Nf6 4. Bg5 cxd4 5. Nxd4 Be7 6. Nc3 a6 7. e3 Qc7 8. Rc1 b6 9. Bxf6 Bxf6 10. Ne4 Be7 11. Be2 Bb7 12. Bf3 0-0 13. 0-0 d6 14. Ng3 Nd7 15. Bxb7 Qxb7 16. Qf3 Qc7 17. Qc6 Qxc6 18. Nxc6 Bf6 19. Rc2 Rac8 20. Nd4 Nc5 21. Rd1 Rc7 22. b3 Rd8 23. Rcd2 Rcd7 24. Nc6 Bc3 25. Nxd8 Bxd2 26. Rxd2 Rxd8 27. f3 Kf8 28. e4 Ke7 29. Kf2 b5 30. cxb5 axb5 31. Ke3 Ra8 32. Nh5 g6 33. Nf4 Na6 34. Nd3 Rc8 35. Rb2 d5 36. exd5 exd5 37. f4 Kd6 38. Kd2 Re8 39. Rc2 f6 40. g3 Ra8 41. Ke3 Re8+ 42. Kd2 d4 43. b4 Ra8 44. Kc1 Nc7 45. Kb2 Nd5 46. Kb3 Nc3 47. Nc5 Ra7 48. g4 Kd5 49. h3 Re7 50. a4 Re3 51. a5 Na4+ 52. Ka2 d3 53. Rd2 Nxc5 54. bxc5 Re2 0-1

[Event "SVK-chT2B 1819"]
[Site "Slovakia"]
[Date "2018.12.16"]
[Round "6.7"]
[White "Toth, Stanislav"]
[Black "Viczencz, Peter"]
[Result "0-1"]
[WhiteElo "1724"]
[BlackElo "2029"]
[PlyCount "84"]
[EventDate "2018.10.13"]
[EventType "team-tourn"]
[EventRounds "11"]
[EventCountry "SVK"]
[SourceTitle "CBM 189 Extra"]
[Source "ChessBase"]
[SourceDate "2019.06.03"]
[SourceVersion "1"]
[SourceVersionDate "2019.06.03"]
[SourceQuality "1"]
[WhiteTeam "Nove Zamky"]
[BlackTeam "Komarno II"]
[WhiteTeamCountry "SVK"]
[BlackTeamCountry "SVK"]

1. e4 c5 2. Nf3 e6 3. Nc3 a6 4. d4 cxd4 5. Nxd4 Qc7 6. Bd3 Nf6 7. Nf3 d6 8. 0-0 Be7 9. Bd2 0-0 10. Re1 Nbd7 11. Rc1 b5 12. a3 Bb7 13. b4 Nb6 14. Na2 Nc4 15. Bxc4 Qxc4 16. Nc3 Nxe4 17. Nxe4 Bxe4 18. c3 Bf6 19. Re3 d5 20. Ne1 Rac8 21. Rg3 Bf5 22. Nc2 Qb3 23. Nd4 Qxd1+ 24. Rxd1 Bg6 25. Rc1 Rc4 26. Nb3 Rfc8 27. Nc5 Be7 28. Be3 Bd6 29. Rf3 Bh5 30. Rh3 Bg4 31. Rg3 Bxg3 32. hxg3 e5 33. f3 Be6 34. Kf2 d4 35. Bd2 a5 36. cxd4 Rxc1 37. Bxc1 exd4 38. Bb2 axb4 39. axb4 Rd8 40. Ke2 Bc4+ 41. Nd3 Ra8 42. Bxd4 Ra3 0-1

[Event "SVK-chT1W 1819"]
[Site "Slovakia"]
[Date "2018.11.24"]
[Round "3.8"]
[White "Sipkovsky, Ladislav"]
[Black "Viczencz, Peter"]
[Result "0-1"]
[WhiteElo "1759"]
[BlackElo "1980"]
[PlyCount "146"]
[EventDate "2018.10.27"]
[EventType "team-tourn"]
[EventRounds "11"]
[EventCountry "SVK"]
[SourceTitle "CBM 187 Extra"]
[Source "ChessBase"]
[SourceDate "2018.11.04"]
[SourceVersion "1"]
[SourceVersionDate "2018.11.04"]
[SourceQuality "1"]
[WhiteTeam "Trnava Sered"]
[BlackTeam "Gabcikovo MSK"]
[WhiteTeamCountry "SVK"]
[BlackTeamCountry "SVK"]

1. e4 c5 2. Nf3 e6 3. d4 cxd4 4. Nxd4 a6 5. Bc4 Nf6 6. Qe2 d6 7. c3 Qc7 8. Bb3 Be7 9. Nd2 0-0 10. 0-0 Nbd7 11. Bc2 b5 12. Re1 Nb6 13. Nf1 Bb7 14. Ng3 Rfe8 15. Nb3 Rac8 16. Bd3 Na4 17. Rb1 Nd7 18. Bd2 Ne5 19. f4 Nxd3 20. Qxd3 Nc5 21. Nxc5 dxc5 22. Qc2 Rcd8 23. Rbd1 Rd7 24. Bc1 Red8 25. Rxd7 Qxd7 26. Be3 c4 27. Kf2 Bh4 28. Ke2 Qd3+ 29. Qxd3 cxd3+ 30. Kd2 Bxg3 31. hxg3 Bxe4 32. Bb6 Rb8 33. Rxe4 Rxb6 34. Kxd3 f5 35. Re5 Rd6+ 36. Kc2 Kf7 37. Re2 h6 38. Kb3 Rc6 39. a4 bxa4+ 40. Kxa4 g5 41. Rd2 Ke7 42. Ka5 Ke8 43. Rd3 Ke7 44. b4 Kf6 45. b5 axb5 46. Kxb5 Rc8 47. c4 Rb8+ 48. Ka6 Rb2 49. c5 Rxg2 50. Rc3 gxf4 51. gxf4 Ke7 52. Kb7 Rb2+ 53. Kc7 Rb4 54. Rf3 h5 55. Rh3 Rxf4 56. Rxh5 Rc4 57. c6 Rc1 58. Rh7+ Kf6 59. Kd7 e5 60. c7 f4 61. c8Q Rxc8 62. Kxc8 f3 63. Rh8 Ke6 64. Kc7 e4 65. Kc6 f2 66. Rf8 e3 67. Re8+ Kf7 68. Rxe3 f1Q 69. Kd5 Qd1+ 70. Ke4 Kf6 71. Rf3+ Ke6 72. Kf4 Qd4+ 73. Kg3 Ke5 0-1

[Event "SVK-chT3A2 1819"]
[Site "Slovakia"]
[Date "2018.10.07"]
[Round "1.2"]
[White "Kozinka, Roman"]
[Black "Viczencz, Peter"]
[Result "1/2-1/2"]
[WhiteElo "1993"]
[BlackElo "1958"]
[PlyCount "47"]
[EventDate "2018.10.07"]
[EventType "team-tourn"]
[EventRounds "11"]
[EventCountry "SVK"]
[SourceTitle "EXT 2020"]
[Source "ChessBase"]
[SourceDate "2019.10.17"]
[SourceVersion "1"]
[SourceVersionDate "2019.10.17"]
[SourceQuality "1"]
[WhiteTeam "Modranka Komplet"]
[BlackTeam "Dunajska Streda II"]
[WhiteTeamCountry "SVK"]
[BlackTeamCountry "SVK"]

1. d4 c5 2. d5 d6 3. e4 Nf6 4. Nc3 g6 5. Bb5+ Nbd7 6. a4 a6 7. Be2 b6 8. Nf3 Bg7 9. 0-0 0-0 10. Bf4 Qc7 11. Qd2 Re8 12. Bh6 Bh8 13. Ng5 Bb7 14. f4 e6 15. dxe6 fxe6 16. Bc4 d5 17. exd5 Nxd5 18. Nxd5 Bxd5 19. Qxd5 Bd4+ 20. Kh1 exd5 21. Bxd5+ Kh8 22. Nf7+ Kg8 23. Ng5+ Kh8 24. Nf7+ 1/2-1/2